000 00558nam a2200241Ia 4500
003 IT-RoPAU
008 120407s9999 xx 000 0 und d
040 _aIT-RoPAU
040 _cIT-RoPAU
041 _aita
100 _aGustavo Selva
245 _aIl martirio di Aldo Moro. Cronaca e commenti sui giorni più difficili della Repubblica
250 _aBologna
260 _aCappelli
260 _c1978
300 _a142 p.
300 _bill.
300 _c19 cm
490 _v1
700 _aEugenio Marcucci
942 _cBK
999 _c25641
_d25641